| 000 | 02091pam a2200397 i 4500 | ||
|---|---|---|---|
| 001 | 2025001606 | ||
| 003 | DLC | ||
| 005 | 20251112133005.0 | ||
| 008 | 250326s2025 nyu 000 1 eng | ||
| 010 | _a 2025001606 | ||
| 020 |
_a9780593954089 _q(hardcover) |
||
| 020 |
_z9780593954096 _q(ebook) |
||
| 035 | _a(OCoLC)1500404244 | ||
| 040 |
_aDLC _beng _erda _cDLC _dTnLvILS |
||
| 042 | _apcc | ||
| 050 | 0 | 0 |
_aPS3552.I7594 _bT78 2025 |
| 082 | 0 | 0 |
_a813/.54 _223/eng/20250326 |
| 092 |
_afiction _bBishop, Anne |
||
| 100 | 1 |
_aBishop, Anne, _eauthor. _918185 |
|
| 245 | 1 | 0 |
_aTurns of fate / _cAnne Bishop. |
| 264 | 1 |
_aNew York : _bAce, _c[2025] |
|
| 300 |
_a510 pages ; _c24 cm. |
||
| 336 | _atext | ||
| 337 | _aunmediated | ||
| 338 | _avolume | ||
| 490 | 0 |
_aIsle of Wyrd ; _v1 |
|
| 520 | _a"Most people come to Destiny Park for entertainment. They come to have their cards read to tell them a bit about their future. They come to walk through a beautiful park and to eat in the hotel's restaurant. They come in the hope of catching a glimpse of the Arcana, the paranormal beings who rule the Isle of Wyrd. But some people come to make a bargain with the Arcana--to change their fate. And some people come for dark purposes. When Detective Beth Fahey is sent to Destiny Park to inquire about a 'ghost gun,' she will begin a strange journey, where she must learn to navigate the Arcana's unforgiving laws and dangerous attractions. Her search will draw her into seemingly impossible cases and the secrets of her own past as tensions rise between the Arcana and their human neighbors across the river"-- | ||
| 650 | 0 |
_aWomen detectives _vFiction. _95673988 |
|
| 650 | 0 |
_aParks _vFiction. _95692376 |
|
| 650 | 0 |
_aFate and fatalism _vFiction. _95691628 |
|
| 655 | 7 |
_aDetective and mystery fiction. _2lcgft _95683641 |
|
| 655 | 7 |
_aParanormal fiction. _2lcgft _95674233 |
|
| 655 | 7 |
_aNovels. _2lcgft |
|
| 776 | 0 | 8 |
_iOnline version: _aBishop, Anne. _tTurns of fate _dNew York : Ace, 2025 _z9780593954096 _w(DLC) 2025001607 |
| 942 |
_2ddc _cBOOK |
||
| 999 |
_c413377 _d413377 |
||